[Event "IND-chB 51st"]
[Site "Bhopal"]
[Date "2013.10.16"]
[Round "6"]
[White "Rengarajan, Srinivasan"]
[Black "Deepan Chakkravarthy, J."]
[Result "0-1"]
[WhiteElo "2156"]
[BlackElo "2476"]
[PlyCount "118"]
[EventDate "2013.10.12"]
[EventType "swiss"]
[EventRounds "13"]
[EventCountry "IND"]
[SourceTitle "EXT 2014"]
[Source "ChessBase"]
[SourceDate "2013.11.20"]
[SourceVersion "1"]
[SourceVersionDate "2013.11.20"]
[SourceQuality "1"]

1. e4 d6 2. d4 g6 3. Nc3 Bg7 4. g3 Nc6 5. d5 Nb8 6. Bg2 Nf6 7. Nge2 0-0 8. h3 c5 9. 0-0 Na6 10. Be3 Rb8 11. a4 Nd7 12. Qd2 Ne5 13. Qd1 Nc4 14. Bc1 Nb4 15. b3 Na5 16. Be3 e6 17. Qd2 exd5 18. exd5 Bf5 19. Rac1 Re8 20. g4 Bxc2 21. Rxc2 Nxb3 22. Qd1 Nxc2 23. Qxc2 Nd4 24. Bxd4 cxd4 25. Nb5 Rc8 26. Qd3 a6 27. Nbxd4 Qa5 28. Rb1 Re7 29. Qb3 Bxd4 30. Nxd4 Re1+ 31. Bf1 Rxb1 32. Qxb1 Qxd5 33. Ne2 b5 34. axb5 Qxb5 35. Qa1 a5 36. Ng3 Qe5 37. Qa4 Rc1 38. Qd7 Kg7 39. Qd8 h6 40. Qa8 Ra1 41. h4 Ra4 42. Be2 Rf4 43. h5 a4 44. Bf3 Qb2 45. hxg6 fxg6 46. Qa7+ Rf7 47. Qe3 a3 48. Bd5 a2 49. Bxa2 Qxa2 50. Qd4+ Kh7 51. g5 d5 52. gxh6 Qc4 53. Qe5 Qf4 54. Qxd5 Qxf2+ 55. Kh1 Qf3+ 56. Qxf3 Rxf3 57. Kg2 Ra3 58. Kh3 Kxh6 59. Kg4 Ra4+ 0-1

[Event "Chennai WinTV op 1st"]
[Site "Chennai"]
[Date "2004.01.31"]
[Round "12"]
[White "Rengarajan, Srinivasan"]
[Black "Deshmukh, Anup"]
[Result "0-1"]
[WhiteElo "2247"]
[BlackElo "2340"]
[PlyCount "80"]
[EventDate "2004.01.21"]
[EventType "swiss"]
[EventRounds "13"]
[EventCountry "IND"]
[SourceTitle "CBM 098 Extra"]
[Source "ChessBase"]
[SourceDate "2004.03.10"]
[SourceVersion "2"]
[SourceVersionDate "2004.03.10"]
[SourceQuality "1"]

1. e4 c5 2. Nf3 d6 3. d4 cxd4 4. Qxd4 a6 5. c4 Nc6 6. Qd2 Nf6 7. Nc3 g6 8. b3 Bg7 9. Bb2 0-0 10. Be2 Rb8 11. 0-0 Re8 12. Rfd1 Qa5 13. h3 b5 14. Bd3 bxc4 15. Bxc4 Qh5 16. Qe2 g5 17. Nh2 Qxe2 18. Nxe2 Na5 19. Bd3 Bb7 20. Bc3 Nc6 21. Rac1 h6 22. Ng3 e6 23. Bxa6 Bxa6 24. Bxf6 Bxf6 25. Rxc6 Bb7 26. Rcxd6 Be5 27. Rb6 Bxg3 28. fxg3 Bxe4 29. Rxb8 Rxb8 30. Ng4 Kg7 31. Rd7 Ra8 32. Rd2 f5 33. Ne3 Kf6 34. Kf2 h5 35. Nc4 h4 36. a4 Rb8 37. Rb2 hxg3+ 38. Kxg3 f4+ 39. Kf2 Bd5 40. Nd2 e5 0-1

[Event "Chennai WinTV op 1st"]
[Site "Chennai"]
[Date "2004.01.30"]
[Round "11"]
[White "Rengarajan, Srinivasan"]
[Black "Adhiban, Baskaran"]
[Result "1-0"]
[WhiteElo "2247"]
[BlackElo "2019"]
[PlyCount "109"]
[EventDate "2004.01.21"]
[EventType "swiss"]
[EventRounds "13"]
[EventCountry "IND"]
[SourceTitle "CBM 098 Extra"]
[Source "ChessBase"]
[SourceDate "2004.03.10"]
[SourceVersion "2"]
[SourceVersionDate "2004.03.10"]
[SourceQuality "1"]

1. e4 e5 2. Nc3 Nf6 3. f4 d5 4. fxe5 Nxe4 5. Nf3 Nc6 6. d3 Nxc3 7. bxc3 Be7 8. d4 0-0 9. Bd3 f6 10. exf6 Bxf6 11. 0-0 Bg4 12. Rb1 b6 13. Be3 Na5 14. Qd2 Qd7 15. Bf4 Bf5 16. Ne5 Bxe5 17. Bxe5 Bxd3 18. cxd3 c5 19. dxc5 bxc5 20. Qg5 Rac8 21. Qg3 Rxf1+ 22. Rxf1 Nc6 23. Bd6 d4 24. c4 Na5 25. Qe5 Nb7 26. Qd5+ Kh8 27. Be5 Qxd5 28. cxd5 Kg8 29. Rb1 Nd8 30. Rc1 Nb7 31. Bxd4 h6 32. d6 Rd8 33. Bxc5 Nxc5 34. Rxc5 Rxd6 35. Rc3 Kf7 36. Kf2 g6 37. Ke3 Ke6 38. Ra3 a6 39. Ke4 Kd7 40. d4 Re6+ 41. Kd3 Rb6 42. Rb3 Rc6 43. g4 g5 44. Rb7+ Ke6 45. Ke4 Kf6 46. Rb2 Ke7 47. Rd2 Kd7 48. Rf2 Re6+ 49. Kd3 Ke7 50. Re2 Rxe2 51. Kxe2 Kd6 52. Ke3 Kd5 53. Kd3 a5 54. a4 Kd6 55. Ke4 1-0

[Event "Chennai WinTV op 1st"]
[Site "Chennai"]
[Date "2004.01.29"]
[Round "10"]
[White "Saravana, Krishnan P"]
[Black "Rengarajan, Srinivasan"]
[Result "1/2-1/2"]
[WhiteElo "2038"]
[BlackElo "2247"]
[PlyCount "62"]
[EventDate "2004.01.21"]
[EventType "swiss"]
[EventRounds "13"]
[EventCountry "IND"]
[SourceTitle "CBM 098 Extra"]
[Source "ChessBase"]
[SourceDate "2004.03.10"]
[SourceVersion "2"]
[SourceVersionDate "2004.03.10"]
[SourceQuality "1"]

1. e4 e5 2. Nf3 d6 3. d4 exd4 4. Qxd4 a6 5. Bf4 Nc6 6. Qd2 Nf6 7. Nc3 Be7 8. 0-0-0 0-0 9. Bd3 Nd7 10. Nd5 Nde5 11. Rhe1 Be6 12. Kb1 Nxd3 13. Qxd3 Bf6 14. h4 Re8 15. Bg5 Bxd5 16. exd5 Ne5 17. Nxe5 dxe5 18. Qf5 h6 19. Bxf6 Qxf6 20. Qxf6 gxf6 21. Rd3 Rad8 22. c4 c6 23. Rg3+ Kf8 24. dxc6 bxc6 25. Ra3 Rd2 26. Rxa6 Rb8 27. b3 Rbd8 28. Rxc6 Rxf2 29. Rc7 Ra8 30. a4 Rd8 31. Rb7 Rdd2 1/2-1/2

[Event "Chennai WinTV op 1st"]
[Site "Chennai"]
[Date "2004.01.27"]
[Round "8"]
[White "Matta, Vinay Kumar"]
[Black "Rengarajan, Srinivasan"]
[Result "1/2-1/2"]
[WhiteElo "2076"]
[BlackElo "2247"]
[PlyCount "160"]
[EventDate "2004.01.21"]
[EventType "swiss"]
[EventRounds "13"]
[EventCountry "IND"]
[SourceTitle "CBM 098 Extra"]
[Source "ChessBase"]
[SourceDate "2004.03.10"]
[SourceVersion "2"]
[SourceVersionDate "2004.03.10"]
[SourceQuality "1"]

1. e4 e5 2. Nc3 Bc5 3. Nf3 d6 4. d4 exd4 5. Nxd4 Nc6 6. Be3 Bb6 7. Bc4 Nf6 8. Nxc6 bxc6 9. Qd3 Ng4 10. Bxb6 axb6 11. Qg3 Qf6 12. 0-0 0-0 13. Be2 Ne5 14. f4 Ng6 15. Rae1 Ra5 16. Bd3 Qh4 17. Qxh4 Nxh4 18. f5 d5 19. b4 dxe4 20. bxa5 exd3 21. axb6 cxb6 22. cxd3 Nxf5 23. a4 g6 24. Rb1 b5 25. a5 Rd8 26. Rf3 Nd4 27. Rf2 Be6 28. Ne4 Ra8 29. Ra1 Nb3 30. Ra3 Rxa5 31. Rxa5 Nxa5 32. Nc5 Bd5 33. Rb2 Kf8 34. Kf2 Ke7 35. Ke3 Kd6 36. Kd4 f5 37. g3 h6 38. Rb1 Ba2 39. Rb2 Bd5 40. Rb1 Ba2 41. Ra1 Nb3+ 42. Nxb3 Bxb3 43. Ra7 c5+ 44. Kc3 Be6 45. Rg7 b4+ 46. Kd2 g5 47. Rg6 f4 48. gxf4 gxf4 49. Rxh6 Ke5 50. Rh8 c4 51. dxc4 Bxc4 52. Rf8 Be6 53. h4 b3 54. h5 Bf5 55. Rb8 Bc2 56. h6 Kf6 57. Rb6+ Kg5 58. Rxb3 Bh7 59. Rh3 Kg6 60. Ke2 Bg8 61. Kf3 Kh7 62. Kxf4 Ba2 63. Kg5 Bb1 64. Rb3 Ba2 65. Rb7+ Kh8 66. Rc7 Bb1 67. Kf6 Bd3 68. Rc8+ Kh7 69. Kg5 Bb1 70. Rd8 Bc2 71. Rd2 Bb1 72. Rd6 Bc2 73. Kf6 Bb1 74. Rd7+ Kh8 75. Kg5 Bc2 76. h7 Bxh7 77. Kh6 Bg8 78. Rg7 Bc4 79. Rg4 Bd5 80. Kg6 Kg8 1/2-1/2

[Event "Chennai WinTV op 1st"]
[Site "Chennai"]
[Date "2004.01.25"]
[Round "6"]
[White "Vaidya, Chaitanya N"]
[Black "Rengarajan, Srinivasan"]
[Result "1-0"]
[WhiteElo "2107"]
[BlackElo "2247"]
[PlyCount "59"]
[EventDate "2004.01.21"]
[EventType "swiss"]
[EventRounds "13"]
[EventCountry "IND"]
[SourceTitle "CBM 098 Extra"]
[Source "ChessBase"]
[SourceDate "2004.03.10"]
[SourceVersion "2"]
[SourceVersionDate "2004.03.10"]
[SourceQuality "1"]

1. d4 Nf6 2. c4 d6 3. Nc3 Nbd7 4. e4 e5 5. d5 a5 6. Be3 Nc5 7. f3 Be7 8. Qd2 0-0 9. 0-0-0 Nfd7 10. g4 c6 11. h4 a4 12. Nge2 Qa5 13. Ng3 Re8 14. Rh2 Ra6 15. Kc2 Bf8 16. g5 Rb6 17. Rb1 Rb4 18. h5 Nb6 19. g6 fxg6 20. hxg6 hxg6 21. f4 Rxc4 22. Bxc4 Nxc4 23. Qe2 exf4 24. Bxf4 Nb6 25. Rbh1 cxd5 26. Qf1 Nxe4 27. Ncxe4 Bf5 28. Nxf5 dxe4 29. Rh8+ Kf7 30. Nxd6+ 1-0

[Event "IND-chT"]
[Site "Chennai"]
[Date "2000.??.??"]
[Round "4"]
[White "Shantharam, KV."]
[Black "Rengarajan, Srinivasan"]
[Result "1-0"]
[WhiteElo "2198"]
[BlackElo "2269"]
[PlyCount "84"]
[EventDate "2000.??.??"]
[EventType "team"]
[EventRounds "6"]
[EventCountry "IND"]
[SourceTitle "EXT 2001"]
[Source "ChessBase"]
[SourceDate "2000.11.22"]
[SourceVersion "1"]
[SourceVersionDate "2000.11.22"]
[SourceQuality "1"]

1. c4 e5 2. Nc3 d6 3. Nf3 Nf6 4. g3 Nbd7 5. Bg2 c6 6. 0-0 Be7 7. b3 Qc7 8. Bb2 Nf8 9. Rc1 Ng6 10. d4 0-0 11. Re1 Bd7 12. e3 Rad8 13. b4 Rfe8 14. Qb3 Bf8 15. h3 Qc8 16. Kh2 h6 17. b5 Nh7 18. Ba3 Qc7 19. Rb1 Kh8 20. Red1 Bc8 21. Qa4 Bd7 22. Bb4 Ra8 23. bxc6 bxc6 24. Ba5 Qc8 25. c5 dxc5 26. Nxe5 Nxe5 27. dxe5 Rxe5 28. Rxd7 Qxd7 29. Bxc6 Qc8 30. Bxa8 Qxa8 31. e4 Nf6 32. f3 Kg8 33. Bc7 Re8 34. Qa6 Qc8 35. Qxc8 Rxc8 36. Rb7 Ne8 37. Bf4 a6 38. Ra7 Rd8 39. Nd5 f5 40. Rxa6 fxe4 41. fxe4 c4 42. a4 c3 1-0

[Event "Goodricke op 05th"]
[Site "Kolkata"]
[Date "1994.??.??"]
[Round "1"]
[White "Barcenilla, Rogelio"]
[Black "Rengarajan, Srinivasan"]
[Result "1-0"]
[WhiteElo "2455"]
[BlackElo "2260"]
[PlyCount "50"]
[EventDate "1994.02.??"]
[EventType "swiss"]
[EventRounds "11"]
[EventCountry "IND"]
[SourceTitle "CBM 039 Extra"]
[Source "ChessBase"]
[SourceDate "1994.05.01"]
[SourceVersion "1"]
[SourceVersionDate "1994.05.01"]
[SourceQuality "1"]

1. e4 e5 2. Nf3 Nf6 3. d4 Nxe4 4. Bd3 d5 5. Nxe5 Be7 6. 0-0 0-0 7. c4 Nf6 8. Nc3 dxc4 9. Bxc4 Nbd7 10. Qb3 Nxe5 11. dxe5 Ng4 12. Rd1 Qe8 13. Bf4 Qc6 14. h3 Nh6 15. Nd5 Bd8 16. Rac1 Nf5 17. Nf6+ Kh8 18. Bxf7 Qb6 19. Nd7 Bxd7 20. Rxd7 Ne7 21. e6 Nc6 22. Qxb6 axb6 23. Rxc6 bxc6 24. e7 Bxe7 25. Rxe7 Rac8 1-0

[Event "Goodricke op 03rd"]
[Site "Kolkata"]
[Date "1992.??.??"]
[Round "2"]
[White "Garma, Chito"]
[Black "Rengarajan, Srinivasan"]
[Result "1-0"]
[WhiteElo "2330"]
[BlackElo "2215"]
[PlyCount "63"]
[EventDate "1992.01.??"]
[EventType "swiss"]
[EventRounds "11"]
[EventCountry "IND"]
[SourceTitle "CBM 027 Extra"]
[Source "ChessBase"]
[SourceDate "1992.05.01"]
[SourceVersion "1"]
[SourceVersionDate "1992.05.01"]
[SourceQuality "1"]

1. e4 e6 2. d4 d5 3. Nd2 dxe4 4. Nxe4 Nd7 5. Nf3 Be7 6. Bd3 Ngf6 7. Qe2 Nxe4 8. Qxe4 Nf6 9. Qh4 Nd5 10. Qg3 Bf6 11. Bd2 Qd6 12. c4 Nb4 13. Be4 Nc6 14. Bc3 Bd7 15. 0-0-0 Nd8 16. Ne5 Qe7 17. d5 0-0 18. Nxd7 Bxc3 19. Bxh7+ Kxh7 20. Nxf8+ Qxf8 21. Qxc3 Qc5 22. Rd4 exd5 23. Rh4+ Kg8 24. Qh3 g6 25. Rh8+ Kg7 26. Qh6+ Kf6 27. Qh4+ g5 28. Qh6+ Kf5 29. g4+ Kxg4 30. Rg1+ Kf3 31. Qf6+ Ke2 32. Qe5+ 1-0